| 000 | 00433nam a2200145Ia 4500 | ||
|---|---|---|---|
| 008 | 221007s9999 xx 000 0 und d | ||
| 041 | _aeng | ||
| 082 | _bPRA | ||
| 100 |
_aPrajna Shetty - 2k171153; Prof. Priyanka Potdar - Guide & Serum Institute _9105069 |
||
| 245 | 2 | _aA Study On Absenteeism Of Employees | |
| 260 |
_c2018 _bSavitribai Phule Pune University _aPune |
||
| 300 |
_a68p _cHard Bound |
||
| 440 | _v1 | ||
| 906 | _bGeneral | ||
| 999 |
_c79969 _d79969 |
||